Museum Melee Quiz Stats

Quiz Updated Mar 1, 2013

Challenge
Share
Tweet
Embed
Score 0/25 Timer 05:00
0 Plays Today
% Correct
Paris
94.8%
Vatican City
94%
Seoul
93.7%
Cairo
90.4%
New York City
90.2%
Athens
90%
Washington, D.C.
89.1%
Jerusalem
81.8%
Sydney
77%
Amsterdam
74.7%
Los Angeles
71.1%
London
62.9%
Chicago
60.4%
% Correct
Madrid
60.2%
Venice
57.3%
Florence
53.1%
Mexico City
52.3%
St. Petersburg
49.4%
Tokyo
46.6%
San Francisco
46.2%
Bogotá
41.3%
Munich
34.9%
Vienna
33.8%
Berlin
29.1%
Beijing
26.2%

You're not logged in!

Compare scores with friends on all Sporcle quizzes.
Join for Free
OR
Log In

You Might Also Like...

Show Comments

Extras

Top Quizzes Today


Score Distribution

Your Account Isn't Verified!

In order to create a playlist on Sporcle, you need to verify the email address you used during registration. Go to your Sporcle Settings to finish the process.

Report this User

Report this user for behavior that violates our Community Guidelines.

Details: